| 000 | 00864nam a2200205 i 4500 | ||
|---|---|---|---|
| 001 | 160518 | ||
| 003 | ES-MaACL | ||
| 005 | 20250824053551.0 | ||
| 008 | 931025s1846 sp |||| | spa d | ||
| 080 | _a821.134.2-22"18" | ||
| 100 | 1 |
_aNavarrete, Ramón de, _d1818-1897 _985042 |
|
| 245 | 1 | 5 |
_a[Las intrigas de una corte _b: comedia en cinco actos / _carreglada a la escena española por Ramón de Navarrete, representada en el teatro del Príncipe el 11 de setiembre de 1846]. |
| 260 |
_aMadrid : _bVicente de Lalama, _c1846. |
||
| 300 |
_a19 p. ; _c26 cm. |
||
| 490 | 1 | _aBiblioteca Dramática | |
| 594 | _aAutor y título tomado de principio del texto, sin portada. | ||
| 830 | 0 | 0 |
_aBiblioteca dramática _9242024 |
| 852 |
_aES-MaACL _jG-6372(4) _z-- Enc. hol. _z-- Enc. en un vol. facticio falto de la cub. original |
||
| 999 |
_c160518 _d160518 |
||